| 000 | 00597nam a22002172 4500 | ||
|---|---|---|---|
| 001 | 0000005309 | ||
| 005 | 20151217152001.0 | ||
| 008 | 070611s xx 000 0 eng d | ||
| 020 |
_a0727916643 : _cGBP 13.95 |
||
| 040 |
_aKABU _cKABU |
||
| 050 | 0 |
_aTX354 _b.T78 2003 |
|
| 100 | 1 |
_aTruswell, A. Stewart. _@0000156527 |
|
| 245 | 1 | 0 | _aABC of nutrition. |
| 250 | _a4th ed. | ||
| 260 |
_aLondon : _bBMJ Books, _c2003. |
||
| 300 | _avii, 140 p. | ||
| 650 | 0 |
_aNutrition (Home economics) _@0000156528 |
|
| 908 | _a070611 | ||
| 950 | _@1 | ||
| 999 |
_c6993 _d6993 |
||